000 00469pab a2200169 454500
008 180718b2004 xxu||||| |||| 00| 0 eng d
100 _aLevine, Stephen
245 _aParliamentary democracy in New Zealand
260 _c2004
300 _ap.646-65.
362 _aJul
650 _aParliamentary democracy - New Zealand
650 _aNew Zealand - Politics and government
650 _aPolitics and government
773 _aParliamentary Affairs
909 _a61723
999 _c61723
_d61723